Statistics for Facts About the Narnia Characters

Click here to take the quiz!

General Stats

  • This quiz has been taken 330 times
  • The average score is 9 of 16

Answer Stats

HintAnswer% Correct
What are the four children's last name?Pevensie
94%
What is the name of the Lion that ransoms Edmund?Aslan
87%
What is the name of the second movie?Prince Caspian
79%
What is the name of the first movie?The Lion, The Witch, and the Wardrobe
79%
What country are all these children from?England
77%
What kind of animal first met Lucy when she entered into Narnia?Faun
76%
Who first discovered the land of Narnia?Lucy
69%
What is the name of the "Queen of Narnia"?Jadis
68%
What was ^ name?Tumnus
65%
What is the name of the third movie?The Voyage of the Dawn Treader
64%
In the first movie, whose house do they stay at?Professor Kirk
39%
What was the name of ^ housekeeper?Mrs. Macready
25%
What is Susan's real name?Anna Popplewell
14%
What is Lucy's real name?Georgie Henley
14%
What is Peter's real name?William Moseley
14%
What is Edmund's real name?Skandar Keynes
13%

Score Distribution

Percentile by Number Answered

Percent of People with Each Score

Your Score History

You have not taken this quiz